Statistics for Countries Once Held by Sweden

Click here to take the quiz!

General Stats

  • This quiz has been taken 31,177 times
    (30,070 since last reset)
  • The average score is 11 of 13

Answer Stats

Country% Correct
Norway
99%
Denmark
98%
Finland
98%
Germany
96%
Russia
96%
Estonia
94%
Latvia
93%
Poland
93%
Lithuania
92%
France
75%
United States
61%
Sweden
54%
Ghana
18%

Score Distribution

Percentile by Number Answered

Percent of People with Each Score

Your Score History

You have not taken this quiz since the last reset